Fußballer mit WM und CL Sieg - Statistiken

Allgemein
  • Dieses Quiz wurde 1.327 mal gespielt
    629 seit der letzten Aktualisierung
  • Das Durchschnittsergebnis liegt bei 21 aus 69
Antwortstatistiken
Land Spieler Club % Korrekt
Argentinien Lionel Messi Barcelona
89%
Deutschland Toni Kroos Bayern München, Real Madrid
83%
Deutschland Manuel Neuer Bayern München
80%
Deutschland Thomas Müller Bayern München
75%
Spanien Xavi Barcelona
72%
Spanien Andres Iniesta Barcelona
69%
Deutschland Philipp Lahm Bayern München
69%
Brasilien Ronaldinho Barcelona
64%
Deutschland Bastian Schweinsteiger Bayern München
62%
Deutschland Jerome Boateng Bayern München
61%
Spanien Xabi Alonso Liverpool, Real Madrid
54%
Brasilien Kaka AC Mailand
53%
Spanien Sergio Ramos Real Madrid
52%
Spanien Gerard Piqué Manchester United, Barcelona
49%
Frankreich Zinedine Zidane Real Madrid
47%
Brasilien Cafu AC Mailand
44%
Spanien Fernando Torres Chelsea
44%
Spanien Carles Puyol Barcelona
43%
Argentinien Julian Alvarez Manchester City
42%
Spanien Iker Casillas Real Madrid
41%
Deutschland Sami Khedira Real Madrid
41%
Brasilien Rivaldo AC Mailand
39%
Brasilien Roberto Carlos Real Madrid
39%
Italien Andrea Pirlo AC Mailand
38%
Argentinien Angel Di Maria Real Madrid
38%
Spanien David Villa Barcelona
38%
Spanien Sergio Busquets Barcelona
38%
Spanien Javi Martinez Bayern München
36%
Frankreich Ousmane Dembélé Paris
36%
Frankreich Lucas Hernandez Bayern München, Paris
33%
Brasilien Dida AC Mailand
32%
Frankreich Thierry Henry Barcelona
32%
Brasilien Lucio Inter Mailand
31%
Italien Alessandro Del Piero Juventus Turin
29%
Frankreich Ngolo Kante Chelsea
28%
Spanien Pedro Barcelona
28%
Italien Alessandro Nesta AC Mailand
26%
Frankreich Benjamin Pavard Bayern München
26%
Deutschland Rudi Völler Marseilles
26%
Spanien Víctor Valdés Barcelona
24%
Italien Gennaro Gattuso AC Mailand
22%
Frankreich Corentin Tolisso Bayern München
21%
Italien Filippo Inzaghi AC Mailand
20%
Deutschland Jürgen Kohler Dortmund
20%
Frankreich Raphaël Varane Real Madrid
17%
Frankreich Olivier Giroud Chelsea
15%
Italien Franco Baresi AC Mailand
14%
Spanien Juan Mata Chelsea
14%
Deutschland Andreas Möller Dortmund
13%
Frankreich Bixente Lizarazu Bayern München
13%
Frankreich Presnel Kimpembe Paris
13%
Frankreich Didier Deschamps Marseilles, Juventus Turin
12%
Deutschland Karl-Heinz Riedle Dortmund
12%
Spanien Álvaro Arbeloa Real Madrid
10%
Italien Marco Materazzi Inter Mailand
10%
Deutschland Stefan Reuter Dortmund
10%
Deutschland Bodo Illgner Real Madrid
9%
Frankreich Marcel Desailly Marseilles, AC Mailand
9%
Brasilien Paulo Sérgio Bayern München
9%
Frankreich Fabien Barthez Marseilles
6%
Italien Alberto Gilardino AC Mailand
3%
Italien Angelo Peruzzi Juventus Turin
2%
Frankreich Christian Karembeu Real Madrid
1%
Brasilien Edmílson Barcelona
1%
Brasilien Juliano Belletti Barcelona
1%
Italien Massimo Oddo AC Mailand
1%
Brasilien Roque Júnior AC Mailand
1%
Italien Daniele Massaro AC Mailand
0%
Italien Pietro Vierchowod Juventus Turin
0%
Keine übereinstimmenden Quizze gefunden
Verteilung der Resultate
Anzahl Personen mit jedem Resultat
Perzentil nach korrekt beantworteten Fragen
Ihre Resultats-Entwicklung
Sie haben dieses Quiz seit der letzten Aktualisierung nicht gespielt